Detalles MARC
| 000 -CABECERA |
| fixed length control field |
01742Cam#a2200313#a#4500 |
| 003 - CONTROL NUMBER IDENTIFIER |
| control field |
AR-BeUNQ |
| 005 - FECHA Y HORA DE LA ULTIMA TRANSACCION |
| control field |
20220224182252.0 |
| 008 - ELEMENTOS DE LONGITUD FIJA-INFORMACION GENERAL |
| fixed length control field |
151021s2014||||ag o ##||||#000|p#spa#d |
| 020 ## - NUMERO INTERNACIONAL NORMALIZADO PARA LIBROS |
| Número Internacional Normalizado del libro |
9789870606260 |
| 040 ## - FUENTE DE CATALOGACION |
| Agencia de catalogación original |
AR-BeUNQ |
| Idioma de catalogación |
ESPAÑOL |
| Convenciones de la descripción |
aacr |
| 041 1# - CODIGO DE IDIOMA |
| Código de idioma para texto/pista de sonido |
|
| Código de idioma original |
PORTUGUES |
| -- |
ESPAÑOL |
| 082 04 - NUMERO DE CLASIFICACION DECIMAL DEWEYMBER |
| Número de clasificación |
861 |
| Número de la edición |
21 |
| 245 00 - MENCION DE TITULO |
| Título |
24 poetas latinoamericanos / |
| Mención de responsabilidad, etc |
Borges... [et al.] ; selección y prólogo, Francisco Serrano. |
| 246 33 - FORMA VARIANTE DEL TITULO |
| Título propiamente dicho/forma breve del título |
Veinticuatro poetas latinoamericanos |
| 250 ## - MENCION DE EDICION |
| Mención de edición |
2a. ed. |
| 260 ## - PUBLICACION, DISTRIBUCION, ETC. |
| Lugar de publicación, distribución, etc. |
Buenos Aires : |
| Nombre del editor, distribuidor, etc. |
Aique, |
| Fecha de publicación, distribución, etc |
c2014. |
| 300 ## - DESCRIPCION FISICA |
| Extensión |
254 p. : |
| Otros detalles físicos |
fot. ; |
| Dimensiones |
21 cm. |
| 490 1# - MENCION DE SERIE |
| Mención de serie |
Colección Juan Gelman ; |
| 500 ## - NOTA GENERAL |
| Nota general |
Edición especial para el Ministerio de Educación. |
| 505 0# - NOTA DE CONTENIDO |
| Nota de contenido con formato preestablecido |
Argentina -- Oliverio Girondo -- Jorge Luis Borges -- Brasil -- Carlos Dummond de Andrade -- João Cabral de Melo Neto -- Colombia -- Álvaro Mutis -- Costa Rica -- Isaac Felipe Azofeifa -- Cuba -- Nicolás Guillén -- José Lezama Lima -- Chile -- Vicente Huidobro -- Pablo Neruda -- Nicanor Parra -- Guatemala -- Luis Cardoza y Aragón -- México -- Carlos Pellicer -- Octavio Paz -- Jaime Sabines -- Nicaragua -- José Joaquín Pasos -- Ernesto Cardenal -- Perú -- César Vallejo -- Javier Sologuren -- Puerto Rico -- Luis Palés Matos -- República Dominicana -- Pedro Mir -- Uruguay -- Mario Benedetti -- Venezuela -- Vicente Gervasi -- Eugenio Montejo |
| 650 #7 - ASIENTO SECUNDARIO DE MATERIA - TERMINO TEMATICO |
| Término temático o nombre geográfico como elemento de entrada |
Literatura (arte) |
| Fuente del encabezamiento o términ |
spines |
| 650 #7 - ASIENTO SECUNDARIO DE MATERIA - TERMINO TEMATICO |
| Término temático o nombre geográfico como elemento de entrada |
Literatura latinoamericana |
| Fuente del encabezamiento o términ |
tell |
| 650 #7 - ASIENTO SECUNDARIO DE MATERIA - TERMINO TEMATICO |
| Término temático o nombre geográfico como elemento de entrada |
Poesía |
| Fuente del encabezamiento o términ |
tell |
| 700 1# - ASIENTO SECUNDARIO - NOMBRE DE PERSONA |
| Personal name |
Borges, Jorge Luis, |
| Dates associated with a name |
1899-1986. |
| 700 1# - ASIENTO SECUNDARIO - NOMBRE DE PERSONA |
| Personal name |
Serrano, Francisco, |
| Relator term |
selección |
| Relationship |
oth |
| 830 #0 - ASIENTO SECUNDARIO DE SERIE--TITULO UNIFORME |
| Título uniforme |
Colección Juan Gelman. ; |
| Designación numérica/secuencial del volumen |
58 |
| 929 ## - DATOS DE ADQUISICION |
| Procedencia |
DONACION |
| Proveedor |
Ministerio de Educación |
| Precio |
920,00E |
| Fecha de recibido |
20151006 |
| Patrimonio UNQ |
PAT0059812 |
| Número de Pase u otro número de Donación |
2912 Exp. 827-0387/98 |
| Número de inventario |
53827 |
| 942 ## - ELEMENTOS DE PUNTO DE ACCESO ADICIONAL (KOHA) |
| Tipo de ítem Koha |
Libros |
| Suppress in OPAC |
0 |